| 000 -LEADER |
| fixed length control field |
01234cam a2200301 a 4500 |
| 001 - CONTROL NUMBER |
| control field |
1642762 |
| 003 - CONTROL NUMBER IDENTIFIER |
| control field |
OSt |
| 005 - DATE AND TIME OF LATEST TRANSACTION |
| control field |
20230310150350.0 |
| 008 - FIXED-LENGTH DATA ELEMENTS--GENERAL INFORMATION |
| fixed length control field |
190619s2019 enka ar 000 0 eng d |
| 020 ## - INTERNATIONAL STANDARD BOOK NUMBER |
| International Standard Book Number |
9781474948210 |
| Qualifying information |
(hbk.) |
| 040 ## - CATALOGING SOURCE |
| Original cataloging agency |
SALS |
| Language of cataloging |
eng |
| Transcribing agency |
SALS |
| Modifying agency |
WWBK |
| -- |
KH8 |
| 042 ## - AUTHENTICATION CODE |
| Authentication code |
nbic |
| 082 0# - DEWEY DECIMAL CLASSIFICATION NUMBER |
| Classification number |
523.2 DAY |
| 100 1# - MAIN ENTRY--PERSONAL NAME |
| Personal name |
Daynes, Katie. |
| Relator term |
author |
| 245 10 - TITLE STATEMENT |
| Title |
What is the Moon? / |
| Statement of responsibility, etc. |
Katie Daynes ; illustrated by Marta Alvarez Miguens. |
| 260 ## - PUBLICATION, DISTRIBUTION, ETC. |
| Place of publication, distribution, etc. |
London : |
| Name of publisher, distributor, etc. |
Usborne, |
| Date of publication, distribution, etc. |
2019. |
| 300 ## - PHYSICAL DESCRIPTION |
| Extent |
1 v. (unpaged) : |
| Other physical details |
col. ill. ; |
| Dimensions |
20 cm. |
| 490 1# - SERIES STATEMENT |
| Series statement |
Usborne lift-the-flap. Very first questions and answers. |
| 500 ## - GENERAL NOTE |
| General note |
On board pages. |
| 500 ## - GENERAL NOTE |
| General note |
Cover title. |
| 520 ## - SUMMARY, ETC. |
| Summary, etc. |
Explore the magic and mystery of the Moon, from why it changes shape and what makes it shine to how astronauts managed to land on it and what they found there. 50 years after the first Moon Landing, this delightful book makes a perfect introduction to the topic for a new generation. |
| 521 1# - TARGET AUDIENCE NOTE |
| Target audience note |
Ages 3+ |
| 650 #0 - SUBJECT ADDED ENTRY--TOPICAL TERM |
| Topical term or geographic name entry element |
Children's questions and answers. |
| 651 #0 - SUBJECT ADDED ENTRY--GEOGRAPHIC NAME |
| Geographic name |
Moon |
| Form subdivision |
Juvenile literature. |
| 700 1# - ADDED ENTRY--PERSONAL NAME |
| Personal name |
Alvarez Miguens, Marta, |
| Dates associated with a name |
1976- |
| Relator term |
illustrator |
| 830 #0 - SERIES ADDED ENTRY--UNIFORM TITLE |
| Uniform title |
Usborne lift-the-flap. Very first questions and answers. |
| 942 ## - ADDED ENTRY ELEMENTS (KOHA) |
| Source of classification or shelving scheme |
|
| Koha item type |
Books - Non Ficton |